| 000 | 00657cam a22002293a 4500 | ||
|---|---|---|---|
| 001 | 12320 | ||
| 003 | PGUSA | ||
| 005 | 20140828083247.0 | ||
| 008 | 040501s2004||||xxu|||||s|||||000 | eng d | ||
| 040 |
_aPGUSA _beng |
||
| 042 | _adc | ||
| 050 | 4 | _aCB | |
| 100 | 1 |
_aNearing, Scott, _d1883-1983 |
|
| 245 | 1 | 0 |
_aCivilization and Beyond : _bLearning from History _h[electronic resource] / _cScott Nearing |
| 260 |
_bProject Gutenberg, _c2004 |
||
| 506 | _aPublic domain in the USA. | ||
| 516 | _aElectronic text | ||
| 653 | _aCivilization -- History | ||
| 830 | 0 |
_aProject Gutenberg _v12320 |
|
| 856 | 4 | 0 | _uhttp://www.gutenberg.org/ebooks/12320 |
| 942 | _cEB | ||
| 999 |
_c241575 _d241575 |
||